Mega-Sorting Gallery: Entertainment Quiz Stats

 Plays Quiz Updated Jul 15, 2020

     
Support Sporcle.
Go Orange.
Score 0/100 Timer 15:00
15 Plays Today
% Correct
Dopey
90.3%
Sleepy
90.3%
Grumpy
90.3%
Sneezy
90.1%
Happy
89.9%
Doc
89%
Bashful
88.6%
Groucho
87.6%
Harpo
86%
Joe DiMaggio
85.4%
Captain America
84.3%
Miss Piggy
83.9%
Iron Man
83.5%
Kermit the Frog
83.2%
David Letterman
81.7%
Emmy
81.6%
Hulk
81.4%
Oscar
81.1%
Grammy
81%
Gonzo
80.7%
Zeppo
80.7%
Chico
80.7%
Fozzie Bear
80.5%
Batman
80.1%
Jimmy Kimmel
79.6%
Tony
79.6%
Jimmy Fallon
79.2%
Blanche Devereaux
78.9%
Aquaman
78.8%
Superman
78.3%
Stephen Colbert
78.2%
Dorothy Zbornak
77.9%
Rose Nylund
77.8%
Arthur Miller
77.2%
% Correct
Gummo
77.1%
Dragon Ball Z
76.7%
Black Widow
76.6%
Sophia Petrillo
76.6%
Jennifer Lawrence
76.5%
E.T. the Extra-Terrestrial
76.5%
Wonder Woman
76.4%
Thor
76.4%
Green Lantern
75.5%
Beaker
75.1%
The Phantom of the Opera
75%
The King and I
74.9%
The Sound of Music
74.7%
Conan O'Brien
74.5%
Born on the Fourth of July
74.3%
Oklahoma!
74.3%
Les Misérables
73.8%
Angelina Jolie
73.8%
Julia Roberts
73.7%
Calvin
73.4%
Stan Lee
73.1%
Lucy
73%
Linus
72.9%
Terms of Endearment
72.8%
Flash
72.5%
Joan Rivers
72.2%
Hobbes
72.2%
Meryl Streep
72%
Cats
71.8%
Animal
71.6%
Out of Africa
71.5%
Chicago
70.8%
Frank Sinatra
70.8%
Hawkeye
69.5%
% Correct
The Last Emperor
69%
Jay Leno
68.8%
Ed Sullivan
68.7%
Scooter
67.7%
Rain Man
67.6%
Rowlf the Dog
67.3%
South Pacific
66.6%
Bud Abbott
66.4%
On Golden Pond
66.3%
A Chorus Line
66.3%
The Lion King
65.6%
Ghost in the Shell
65.6%
Ordinary People
65.2%
Lou Costello
64.8%
Fullmetal Alchemist
64.1%
Carousel
64.1%
Platoon
63%
Amadeus
61.8%
Lupita Nyong'o
61.6%
Sword Art Online
59.9%
Naruto
59.2%
Cowboy Bebop
58.5%
James Dougherty
55.9%
Sam Eagle
55.1%
Kill la Kill
48.9%
Flower Drum Song
44.9%
Rerun
43.8%
Martian Manhunter
39.1%
Me and Juliet
38.8%
Bleach
30.6%
Pipe Dream
27.2%
Allegro
26.2%

From the Vault

Above the USA

by NYYanks

This one went right over our head.
Remove Ads.
Support Sporcle.
Get the best of Sporcle when you Go Orange. This ad-free experience offers more features, more stats, and more fun while also helping to support Sporcle. Thank you for becoming a member.

Show Comments

Extras

Top Quizzes Today


Score Distribution

Your Account Isn't Verified!

In order to create a playlist on Sporcle, you need to verify the email address you used during registration. Go to your Sporcle Settings to finish the process.

Report this User

Report this user for behavior that violates our Community Guidelines.

Details: